Culture Générale - Série 394 - Statistiques

Statistiques générales
  • Ce quiz a été pris 372 fois
  • Le résultat moyen est 8 sur 10
Statistiques - réponses
Question Réponse % Correct
Quelle ville américaine est souvent désignée par ses initiales L.A. ? Los Angeles
98%
Dans quel pays l'acteur Jean-Claude Van Damme est-il né? La Belgique
93%
Dans les prévisions de "Bison Futé" quelle couleur correspond aux embouteillages les plus importants ? Noir
91%
Quelle est la plus grosse planète du Système solaire ? Jupiter
90%
Quelle actrice a remporté le César et l'Oscar de la meilleure actrice pour son interprétation dans le film "La Môme" ? Marion Cotillard
86%
Quel alcool faut-il rajouter au café et à la crème fraîche pour obtenir un "Irish Coffee" ? Du whisky
83%
Quel mot anglais désigne aussi bien un porteur de clubs de golf qu'un petit chariot métallique ? Caddie
81%
Quel est le pays d'origine du groupe de rock Tokio Hotel ? L'Allemagne
81%
Sous quel pseudonyme connait-on mieux l'auteur du conte "Alice au pays des merveilles" ? Lewis Carroll
42%
Dans le dessin animé "Pinocchio" de Walt Disney, quel est le nom du petit chat de Geppetto ? Figaro
23%
Aucun quiz correspondant
Distribution des résultats
% des personnes avec chaque résultat
Percentile par nombre de réponses
Votre historique - résultats
Vous n’avez pas pris ce quiz